[Event "Asian Schools-ch U13 12th Rapid"]
[Site "Tehran"]
[Date "2016.07.10"]
[Round "3.1"]
[White "Daghli, Arash"]
[Black "Hayati, Amirhosein"]
[Result "1-0"]
[WhiteElo "2024"]
[BlackElo "1786"]
[PlyCount "83"]
[EventDate "2016.07.10"]
[EventType "swiss"]
[EventRounds "7"]
[EventCountry "IRI"]
[SourceTitle "EXT 2024"]
[Source "ChessBase"]
[SourceDate "2023.10.10"]
[SourceVersion "1"]
[SourceVersionDate "2023.10.10"]
[SourceQuality "1"]

1. d4 d5 2. c4 e6 3. Nf3 Nf6 4. g3 c5 5. cxd5 exd5 6. Bg2 Be6 7. 0-0 Nc6 8. Nc3 cxd4 9. Nxd4 Bc5 10. Be3 Bxd4 11. Bxd4 Nxd4 12. Qxd4 Qb6 13. Qxb6 axb6 14. Rfd1 Rd8 15. Rd4 0-0 16. Rad1 Rd7 17. Rb4 Rfd8 18. Rxb6 d4 19. Na4 Bxa2 20. Rxb7 Rxb7 21. Bxb7 Bb3 22. Ra1 Bxa4 23. Rxa4 Kf8 24. Ba6 Ra8 25. Ra3 Ne4 26. Bd3 Rxa3 27. bxa3 Nc5 28. Kf1 h6 29. Ke1 Ke7 30. Kd2 Kd6 31. Bc4 f6 32. f4 f5 33. e3 Ne4+ 34. Kd3 dxe3 35. Kxe3 Kc5 36. Be6 Nd6 37. Kd3 Nb5 38. a4 Nd4 39. Bd7 Kd5 40. Bc8 g6 41. a5 Nc6 42. Bb7 1-0

[Event "Mashhad Ferdowsi op 6th"]
[Site "Mashhad"]
[Date "2016.01.29"]
[Round "1"]
[White "Bocharov, Dmitry"]
[Black "Hayati, Amirhosein"]
[Result "1-0"]
[WhiteElo "2567"]
[BlackElo "1503"]
[PlyCount "73"]
[EventDate "2016.01.29"]
[EventType "swiss"]
[EventRounds "9"]
[EventCountry "IRI"]
[SourceTitle "CBM 170 Extra"]
[Source "ChessBase"]
[SourceDate "2016.02.25"]
[SourceVersion "1"]
[SourceVersionDate "2016.02.25"]
[SourceQuality "1"]

1. d4 d5 2. c4 e6 3. Nc3 Nf6 4. Nf3 c5 5. cxd5 exd5 6. Bg5 cxd4 7. Nxd4 Be7 8. e3 a6 9. Be2 Nc6 10. 0-0 Nxd4 11. Qxd4 Be6 12. Rfd1 0-0 13. Bf3 Rc8 14. Qd3 Qb6 15. Rab1 Rfd8 16. h3 h6 17. Bxf6 Bxf6 18. Nxd5 Bxd5 19. Bxd5 Rc5 20. e4 Rdc8 21. Qf3 R8c7 22. Bb3 Bg5 23. g3 Qf6 24. Qe2 Rc1 25. Rbxc1 Rxc1 26. h4 Rxd1+ 27. Qxd1 Bxh4 28. gxh4 Qg6+ 29. Kf1 Qxe4 30. Qd8+ Kh7 31. Qd5 Qxd5 32. Bxd5 Kg6 33. Bxb7 a5 34. a3 Kf5 35. Ke2 Ke5 36. Kd3 f6 37. h5 1-0